1639 1141 1267 1943 1636 1264 1277 1956 1889 1207 1607 1804 1235 1988 1549 1439 1785 1063 1794 1762 1738 1179 1038 1458 1523 1657 1150 1366 1092 1604 1517 1830 1623 1354 1900 1847 1141 1653 1160 1107 1776 1812 1225 1312 1532 1960 1958 1351 1683 1998 1822 1221 1870 1143 1984 1712 1015 1686 1702 1558 1913 1283 1307 1452 1340 1573 1293 1125 1667 1192 1519 1410 1428 1776 1093 1364 1852 1877 1282 1148 1778 1784 1514 1234 1177 1832 1329 1232 1338 1888 1341 1438 1899 1351 1644 1803 1219 1493 1495 BCNSPRNW ULIB Ver.6.0+V

เปลี่ยนเป็นภาษาไทย

Change to English
 แสดงรายละเอียดบรรณานุกรม
  กลับหน้าหลัก

Brief Record : Get Marc (ISO 2709) : E-mail record : QR code < ปิดหน้าต่าง
LEADER : 00000nam 2200000uu 4500
001    13399122571
003     ULIB
008    130731s2012||||th 000 0 Eng d
060  4 ^aWA18^bW926 2012
245 00 ^aWorking together for health security :^b4th international nursing and public health conference Thailand : April 10-12, 2012 The Empress Chiang Mai, Thailand Praboromarajchanok Institute, Ministry of Public Health, Thailand
260    ^a[n.p.:^bMinistry of Public Health,^c2012
300    ^a220 p. :^bill.
650  2 ^aHealth^xCongress
710 1  ^aMinistry of Public Health.^bPraboromrajchanok Institute.
856    ^z20130315132520_1774.pdf (Content)^uhttp://192.168.190.19/ULIB6//_fulltext/5/13399122571/20130731155339_3955.pdf
945    ^p0^l0^i033735
945    ^p0^l0^i033736
999    ^aเกษร โพธิ์สุวรรณ
รายการนี้ยังไม่มีแท็ก
คุณยังไม่ได้ล็อกอิน คุณสามารถมีกิจกรรมร่วมกับเว็บไซต์ได้ แต่ต้องล็อกอินก่อน ::
  ล็อกอิน

รายการสื่อสารสนเทศ

ลำดับที่ ประเภท เลขเรียก/บาร์โค้ด สถานที่ สถานะ
1. วิทยาศาสตร์การแพทย์ และสุขภาพ
หนังสือสำรอง
สถานะ=หนังสือสำรอง
WA18 W926 2012 ฉ.1 
  Barcode: 033735
ห้องสมุดวิทยาเขตสวรรค์ประชารักษ์
►หนังสือทั่วไป
บนชั้น
2. วิทยาศาสตร์การแพทย์ และสุขภาพ
วิทยาศาสตร์การแพทย์ และสุขภาพ
WA18 W926 2012 ฉ.2 
  Barcode: 033736
ห้องสมุดวิทยาเขตสวรรค์ประชารักษ์
►หนังสือทั่วไป
บนชั้น

BibComment


ยังไม่เคยถูกคอมเมนท์

คอมเมนท์ทรัพยากรรายการนี้
  คอมเมนท์: Working together..


 Copyright 2026. Bcnsprnw @Library